Cómo se comenta un texto literario
Na minha lista:
| Main Authors: | , |
|---|---|
| Formato: | Livro |
| Idioma: | espanhol |
| Publicado em: |
Madrid
Cátedra
1982
|
| Edição: | 21a. ed |
| Assuntos: | |
| Tags: |
Adicionar Tag
Sem tags, seja o primeiro a adicionar uma tag!
|
MARC
| LEADER | 00000nam a2200000 a 4500 | ||
|---|---|---|---|
| 001 | UCK1339 | ||
| 003 | CL-VaPUC | ||
| 008 | 041112e19820000SP |||||||||||||||||spa|d | ||
| 020 | |a 8437600243 | ||
| 082 | 0 | 4 | |a 801.95 |b LAZ |2 21 |
| 100 | |a Lázaro Carreter, Fernando |e author |9 544517 | ||
| 700 | 0 | |a Correa Calderón, Evaristo |e author |9 489098 | |
| 245 | 1 | 0 | |a Cómo se comenta un texto literario |
| 250 | |a 21a. ed | ||
| 300 | |a 205 p | ||
| 942 | |c BK | ||
| 945 | |d 20041112 00:00:00 |a cmena | ||
| 260 | |a Madrid |b Cátedra |c 1982 | ||
| 650 | 0 | |a Teoría literaria |9 342621 | |
| 650 | 0 | |a Crítica e interpretación literaria |9 266284 | |
| 650 | 0 | |a Educación lingüística |9 306506 | |
| 650 | 0 | |a Análisis del discurso |9 256696 | |
| 650 | 0 | |a Retórica |9 266620 | |
| 583 | |a last modification |c 20041112 00:00:00 |k Rodrigo Vera | ||
| 999 | |c 311311 |d 311309 | ||
| 952 | |0 0 |1 0 |4 0 |6 801_950000000000000_LAZ_1982 |7 0 |8 A |9 380676 |a BIBTEO |b BIBTEO |d 2019-11-21 |i 2123452 |o 801.95 LAZ 1982 |p 2123452 |r 2025-01-17 |w 2019-11-21 |y BK |k ICR | ||